Most Populous Cities of California on a Map Quiz Stats

Quiz Updated Apr 26, 2016

Challenge
Share
Tweet
Score 0/30 Timer 08:00
5 Plays Today
% Correct
1) Los Angeles
98.4%
4) San Francisco
97.3%
2) San Diego
96.3%
6) Sacramento
90.5%
3) San Jose
84.3%
8) Oakland
84%
5) Fresno
69.1%
10) Anaheim
68.1%
7) Long Beach
60.9%
9) Bakersfield
59.3%
12) Riverside
51.5%
17) San Bernardino
42.5%
11) Santa Ana
42%
16) Irvine
40.8%
13) Stockton
40.2%
% Correct
18) Modesto
33.9%
14) Chula Vista
30.3%
19) Oxnard
28.5%
15) Fremont
28%
22) Glendale
25.9%
26) Santa Rosa
25.9%
23) Huntington Beach
25.1%
29) Ontario
22.2%
27) Oceanside
21.7%
24) Santa Clarita
21.2%
28) Rancho Cucamonga
16.5%
30) Lancaster
15.5%
20) Fontana
15.1%
21) Moreno Valley
13.3%
25) Garden Grove
11.7%

You're not logged in!

Compare scores with friends on all Sporcle quizzes.
Join for Free
OR
Log In

You Might Also Like...

Show Comments

Extras

Top Quizzes Today


Score Distribution

Your Account Isn't Verified!

In order to create a playlist on Sporcle, you need to verify the email address you used during registration. Go to your Sporcle Settings to finish the process.

Report this User

Report this user for behavior that violates our Community Guidelines.

Details: